Bài tập thí nghiệm vật lý phổ thông cơ sở
Đề cập đến các bài tập thí nghiệm vật lý ở lớp 7, lớp 8, và lớp 9
Đã lưu trong:
| Tác giả chính: | |
|---|---|
| Định dạng: | Sách |
| Năm xuất bản: |
H.
Giáo dục
1998
|
| Phiên bản: | Tái bản lần 1 |
| Chủ đề: | |
| Tags: |
Thêm thẻ
Không có thẻ, Hãy là người đầu tiên gắn thẻ bản ghi này!
|
| LEADER | 00754nam a2200193 4500 | ||
|---|---|---|---|
| 082 | |a 530.078 |b NG527TH | ||
| 100 | |a Nguyễn Thượng Chung | ||
| 245 | |a Bài tập thí nghiệm vật lý phổ thông cơ sở |c Nguyễn Thượng Chung | ||
| 250 | |a Tái bản lần 1 | ||
| 260 | |a H. |b Giáo dục |c 1998 | ||
| 300 | |a 104 tr. |c 21 cm | ||
| 520 | |a Đề cập đến các bài tập thí nghiệm vật lý ở lớp 7, lớp 8, và lớp 9 | ||
| 653 | |a Vật lý | ||
| 653 | |a Thí nghiệm | ||
| 653 | |a Bài tập | ||
| 653 | |a Trường THCS | ||
| 942 | |2 ddc |c SH | ||
| 999 | |c 6827 |d 6827 | ||
| 952 | |0 0 |1 0 |2 ddc |4 0 |6 530_078000000000000_NG527TH |7 0 |8 500 |9 63950 |a qbu |b qbu |c D3 |d 2015-01-26 |g 4800 |l 4 |m 2 |o 530.078 NG527TH |p 6760.c1 |r 2016-06-10 |s 2016-05-11 |w 2015-01-26 |y SH | ||